Spoločensky zodpovedné podnikanie a jeho previazanosť s EFQM modelom výnimočnosti
Spoločensky zodpovedné podnikanie - definície. Zainteresované subjekty, elementy spoločensky zodpovedného podnikania (SZP). Ľudský faktor v v SZP. EFQM model výnimočnosti a SZP. Súčasný stav problematiky SZP na Slovensku. Paralely EFQM modelu a modelu SZP s dôrazom na sociálnu oblasť.
Salvato in:
| Autore principale: | |
|---|---|
| Natura: | Capitolo di libro |
| Lingua: | slovacco |
| Soggetti: | |
| Tags: |
Nessun Tag, puoi essere il primo ad aggiungerne!!
|
MARC
| LEADER | 00000nla$a2200000$$$4500 | ||
|---|---|---|---|
| 001 | 0105497 | ||
| 005 | 20240502072152.2 | ||
| 041 | 0 | |a slo | |
| 044 | |a SK | ||
| 245 | 1 | 0 | |a Spoločensky zodpovedné podnikanie a jeho previazanosť s EFQM modelom výnimočnosti |c Lýdia Halagová |
| 520 | |a Spoločensky zodpovedné podnikanie - definície. Zainteresované subjekty, elementy spoločensky zodpovedného podnikania (SZP). Ľudský faktor v v SZP. EFQM model výnimočnosti a SZP. Súčasný stav problematiky SZP na Slovensku. Paralely EFQM modelu a modelu SZP s dôrazom na sociálnu oblasť. | ||
| 610 | 2 | 0 | |a podnikanie |
| 610 | 2 | 0 | |a zodpovednosť spoločenská |
| 610 | 2 | 0 | |a Slovensko |
| 610 | 2 | 0 | |a model EFQM |
| 100 | 1 | |a Halagová, Lýdia | |